Statistics for Top 25 Transfers - Football Season 2009/10

Click here to take the quiz!

General Stats

  • This quiz has been taken 51 times
  • The average score is 16 of 25

Answer Stats

FromToNatPosFeePlayer% Correct
Manchester UnitedReal MadridPORLW€94.00mCristiano Ronaldo
100%
MilanReal MadridBRACAM€67.00mKaká
95%
InterFC BarcelonaSWEST€69.50mZlatan Ibrahimovic
95%
ArsenalManchester CityTOGST€29.00mEmmanuel Adebayor
92%
Olympique LyonReal MadridFRAST€35.00mKarim Benzema
92%
Real MadridFC BayernNEDRW€25.00mArjen Robben
90%
StuttgartFC BayernGERST€30.00mMario Gómez
90%
LiverpoolReal MadridESPCDM€34.50mXabi Alonso
90%
FC BarcelonaInterCMRST€20.00mSamuel Eto'o
87%
WiganManchester UnitedECURM€18.80mAntonio Valencia
85%
West HamManchester CityARGCF€29.00mCarlos Tévez
85%
ArsenalManchester CityCIVCB€18.70mKolo Touré
85%
GenoaInterARGST€28.00mDiego Milito
82%
Werder BremenJuventusBRACAM€27.00mDiego
67%
PortsmouthLiverpoolENGRB€20.50mGlen Johnson
64%
BlackburnManchester CityPARST€21.20mRoque Santa Cruz
62%
EvertonManchester CityENGCB€27.50mJoleon Lescott
54%
CSKA MoscowChelseaRUSLB€21.00mYuri Zhirkov
54%
PortoOlympique LyonARGST€24.00mLisandro López
41%
RomaLiverpoolITACM€20.00mAlberto Aquilani
36%
FiorentinaJuventusBRACDM€25.00mFelipe Melo
31%
UdineseNapoliITAST€18.00mFabio Quagliarella
18%
ShakhtarFC BarcelonaUKRCB€25.00mDmytro Chygrynskyi
13%
PortoMarseilleARGCM€19.00mLucho González
10%
Al-SaddLazioARGST€20.20mMauro Zárate
5%

Score Distribution

Percentile by Number Answered

Percent of People with Each Score

Your Score History

You have not taken this quiz